Aaqa Muhammad (Peace be Upon him) Sallallaho Alaihiwasallam:Seerat-e-Pak (Record no. 587650)
[ view plain ]
| 000 -LEADER | |
|---|---|
| fixed length control field | 00454nam a22001457a 4500 |
| 020 ## - INTERNATIONAL STANDARD BOOK NUMBER | |
| International Standard Book Number | 9789693528251 |
| 040 ## - CATALOGING SOURCE | |
| Transcribing agency | NUST |
| 082 ## - DEWEY DECIMAL CLASSIFICATION NUMBER | |
| Classification number | 297.63 BEL |
| 100 ## - MAIN ENTRY--PERSONAL NAME | |
| Personal name | Bela, Abdaal |
| 9 (RLIN) | 88509 |
| 110 ## - MAIN ENTRY--CORPORATE NAME | |
| Corporate name or jurisdiction name as entry element | Abdaal Bela |
| 9 (RLIN) | 89494 |
| 245 ## - TITLE STATEMENT | |
| Title | Aaqa Muhammad (Peace be Upon him) Sallallaho Alaihiwasallam:Seerat-e-Pak |
| 260 ## - PUBLICATION, DISTRIBUTION, ETC. | |
| Place of publication, distribution, etc. | LAHORE: |
| Name of publisher, distributor, etc. | Sang E Meel Publications, |
| Date of publication, distribution, etc. | 2019. |
| 650 ## - SUBJECT ADDED ENTRY--TOPICAL TERM | |
| Topical term or geographic name entry element | Islam-Biograohy- Prophet Muhammad Peace be Upon him |
| 9 (RLIN) | 89499 |
| 942 ## - ADDED ENTRY ELEMENTS (KOHA) | |
| Source of classification or shelving scheme | |
| Koha item type | Book |
| Withdrawn status | Lost status | Source of classification or shelving scheme | Damaged status | Not for loan | Permanent Location | Current Location | Shelving location | Date acquired | Full call number | Barcode | Date last seen | Price effective from | Koha item type |
|---|---|---|---|---|---|---|---|---|---|---|---|---|---|
| College of Electrical & Mechanical Engineering (CEME) | College of Electrical & Mechanical Engineering (CEME) | General Stacks | 01/19/2022 | 297.63 BEL (KIDS SEC) | CEME-50731 | 01/19/2022 | 01/19/2022 | Book | |||||
| College of Electrical & Mechanical Engineering (CEME) | College of Electrical & Mechanical Engineering (CEME) | General Stacks | 01/26/2022 | 297.63 BEL (KIDS SEC) | CEME-50730 | 01/26/2022 | 01/26/2022 | Book |
